Library Banner

Against all odds : (Record no. 93555)

MARC details
000 -LEADER
fixed length control field 00577nam a22001937a 4500
005 - DATE AND TIME OF LATEST TRANSACTION
control field 20170516092251.0
008 - FIXED-LENGTH DATA ELEMENTS--GENERAL INFORMATION
fixed length control field 170516b xxu||||| |||| 00| 0 eng d
020 ## - INTERNATIONAL STANDARD BOOK NUMBER
International Standard Book Number 9789693530360
040 ## - CATALOGING SOURCE
Transcribing agency PK-LaUMT
082 ## - DEWEY DECIMAL CLASSIFICATION NUMBER
Classification number 378.101
Item number KHA-A
100 ## - MAIN ENTRY--PERSONAL NAME
Personal name Khalid Aftab
245 ## - TITLE STATEMENT
Title Against all odds :
Remainder of title institution building in the real world /
Statement of responsibility, etc Khalid Aftab
260 ## - PUBLICATION, DISTRIBUTION, ETC. (IMPRINT)
Place of publication, distribution, etc Lahore :
Name of publisher, distributor, etc Sang-e-Meel Publications,
Date of publication, distribution, etc 2017
300 ## - PHYSICAL DESCRIPTION
Extent 253 p.
650 ## - SUBJECT ADDED ENTRY--TOPICAL TERM
Topical term or geographic name as entry element Education Institutions
650 ## - SUBJECT ADDED ENTRY--TOPICAL TERM
Topical term or geographic name as entry element College and University-Administration
650 ## - SUBJECT ADDED ENTRY--TOPICAL TERM
Topical term or geographic name as entry element G. C. University-History
942 ## - ADDED ENTRY ELEMENTS (KOHA)
Koha item type Books
Holdings
Withdrawn status Lost status Damaged status Home library Current library Date acquired Full call number Barcode Date last seen Price effective from Koha item type
      UMT Main Campus UMT Main Campus 2017-05-16 378.101 KHA-A 108789 2017-06-16 2017-05-16 Books